| 000 | 00818nam a2200217 a 4500 | ||
|---|---|---|---|
| 005 | 20240925065708.0 | ||
| 008 | 141020s2006 mx r 000 0 spa d | ||
| 020 | _a9707017449 | ||
| 035 | _aUPN01000200294 | ||
| 049 | _aCG | ||
| 050 | 4 |
_aHD9734 M6 _bA3.8 |
|
| 245 | 0 | 0 |
_aAcumulación de capacidades tecnológicas en subsidiarias de empresas globales en México : _bel caso de la industria maquiladora de exportación / _cGabriela Dutrénit ... [et al.]. |
| 260 |
_aMéxico : _bCámara de Diputados, LIX Legislatura : _bMiguel Angel Porrúa, _cc2006. |
||
| 300 |
_a205 p. : _btablas, gráfs., il. |
||
| 440 | 0 | _aConocer para decidir | |
| 650 | 4 |
_aINDUSTRIA MAQUILADORA - _zMEXICO _94004 |
|
| 650 | 4 |
_aTecnología _zMéxico _914373 |
|
| 700 | 1 |
_aDutrénit, Gabriela, _ecoaut. |
|
| 905 | _aLibro | ||
| 999 |
_c172395 _d172395 |
||